Anar al contingut

Социальные и гуманитарные науки: теория и практика, 2023, № 1 (7) научный журнал

Guardat en:
Dades bibliogràfiques
Format: Журнал
Edició:1
Accés en línia:https://znanium.ru/catalog/document?id=467493
https://znanium.ru/cover/2219/2219742.jpg
Etiquetes: Afegir etiqueta
Sense etiquetes, Sigues el primer a etiquetar aquest registre!
LEADER 01505nam0a2200349 i 4500
001 RU\infra-m\znanium\bibl\2219742
003 https://znanium.ru/catalog/document?id=467493
005 20250715000000.0
100 |a 20250715d2025 m y0rusy0150 ca 
101 0 |a rus 
102 |a RU 
200 1 |a Социальные и гуманитарные науки: теория и практика, 2023, № 1 (7)  |e научный журнал  |e Журнал 
205 |a 1 
210 1 |a Пермь  |c Пермский государственный научный исследовательский университет  |d 2023 
215 |a 303 с. 
333 |a ВО - Магистратура 
606 |a Педагогика. Образование  |2 local 
606 |a Психология  |2 local 
606 |a Политика. Социология  |x Социология  |2 local 
608 |a Журнал  |2 local 
675 |a 15  |z rus 
675 |a 316  |z rus 
675 |a 37  |z rus 
686 |a 605  |2 rubbk 
686 |a 74  |2 rubbk 
686 |a 88  |2 rubbk 
686 |a 37.00.00  |2 okso 
686 |a 39.00.00  |2 okso 
686 |a 44.00.00  |2 okso 
801 0 |a RU  |b Общество с ограниченной ответственностью «ЗНАНИУМ»  |c 20250711  |2 rusmarc 
856 4 |a znanium.ru  |m ebs_support@infra-m.ru  |n НИЦ ИНФРА-М  |u https://znanium.ru/catalog/document?id=467493 
856 4 1 |a znanium.ru  |d /cover/2219  |f 2219742.jpg  |q image/jpeg  |u https://znanium.ru/cover/2219/2219742.jpg